| 000 | 00529nam a2200193Ia 4500 | ||
|---|---|---|---|
| 005 | 20250508164811.0 | ||
| 008 | 008 250505s9999 xx 000 0 eng d | ||
| 037 | _aTheses | ||
| 040 |
_aFEDL _beng _cFEDL |
||
| 041 |
_aeng _2eng |
||
| 084 |
_a121, JHA/TH _qFEDL |
||
| 100 |
_aJha Arbind Kumar _9535227 |
||
| 245 | 0 | _aEpistemological import of nyaya philosophy | |
| 260 | _c2002 | ||
| 300 | _aiii,171p. | ||
| 546 | _aPh. D. Thesis (Delhi University) | ||
| 942 |
_cTH _h121, JHA/TH |
||
| 999 |
_c1391264 _d1391264 |
||